Plan Cavallo II (Registro nro. 25557)
[ vista simple ]
| 000 -LEADER | |
|---|---|
| fixed length control field | 00338 a2200121 4500 |
| 001 - CONTROL NUMBER | |
| control field | ART_11420 |
| 005 - DATE AND TIME OF LATEST TRANSACTION | |
| control field | 20260410161857.0 |
| 008 - FIXED-LENGTH DATA ELEMENTS--GENERAL INFORMATION | |
| fixed length control field | 260409a |
| 100 1# - MAIN ENTRY--PERSONAL NAME | |
| Personal name | Barra Ruatta, Orlando |
| 245 10 - TITLE STATEMENT | |
| Title | Plan Cavallo II |
| 700 1# - ADDED ENTRY--PERSONAL NAME | |
| Personal name | Blanco, Alfredo F. |
| 773 0# - HOST ITEM ENTRY | |
| Title | Revista de Economía |
| Related parts | - Nº 64 (jul./sep. 1991) |
| Record control number | REV11077 |
No hay ítems disponibles.